| 000 | 00731nam a2200229Ia 4500 | ||
|---|---|---|---|
| 005 | 20241129111125.0 | ||
| 008 | 241129s9999||||xx |||||||||||||| ||und|| | ||
| 020 | _a978-81-8315-229-7 | ||
| 037 | _aTB | ||
| 040 |
_aCRL _beng _cCRL |
||
| 041 |
_aeng _2eng |
||
| 084 |
_aO15,1D40,2 111R3 _qCRL |
||
| 100 | _aKalidasa Au.; Unni N. P. Au. | ||
| 245 | 0 |
_aKumarasambhavam : sanskrit text with english translation _cKalidasa Au.; Unni N. P. Au. |
|
| 260 |
_aDelhi, India _bNew Bhartiya Book Corporation _c2023 |
||
| 300 | _axli,130p. | ||
| 365 |
_aINR _b250 |
||
| 546 | _aTranslated from Sanskrit to English | ||
| 650 | _aSanskrit LiteraturePoetry | ||
| 942 |
_cTB _hO15,1D40,2 111R3 |
||
| 999 |
_c1229038 _d1229038 |
||